00886naa#a2200169#i#4500001001500000005001700015011001400032100004100046102000700087200018900094210023600283215001000519608004500529675005400574700006400628856002400692RU\\bibl\9067620260602221806.2##a2312-7937##a20241119b2024####ek#y0rusy0150####ca##aRU1#aПЕРСПЕКТИВЫ И УСЛОВИЯ УГОЛОВНО-ПРАВОВОГО ОБОСОБЛЕНИЯ НАЛОГОВОГО МОШЕННИЧЕСТВАeЖурнальная статья1#aДомодедовоcВсероссийский институт повышения квалификации сотрудников Министерства внутренних дел Российской Федерацииd2024##a4 с.##aЖурнальная статья2local##aПраво. Юридические науки. 34#1aПанкратьевgАнатолий Николаевич4#avipkmvd.editorum.ru